00701nam a2200253Ia 450000500170000000800460001702000180006303700100008104000080009104000080009904000080010704100080011504100080012308400080013110000210013924500740016026000260023426000090026065000160026985600400028594200100032599900210033595200910035620260306163527.0008 260114s9999 xx 000 0 eng d a9780300271355 aEBOOK aCRL beng cCRL 2eng aeng qCRL aDorrien91128814 2aA Darkly Radiant Vision: The Black Social Gospel In The Shadow Of Mlk bYale University Press c2023 aSocial Work uhttps://academic.oup.com/book/51587 cEBOOK c1710460d1710460 00104070aCRLbCRLd2026-03-06l0pCL2002981r2026-03-06 16:35:27w2026-03-06yEBOOK